000 00272nam a22001097a 4500
008 160503b xxu||||| |||| 00| 0 eng d
020 _a18778138585
041 _aeng
080 _a61
245 _aUniversity of Louisville Physicians:
_cEdward C Halperrin ;
942 _2udc
_cBK
999 _c1728
_d1728